02217cam a2200349 i 450000100090000000300090000900500170001800800410003502000270007602000180010304000430012108200220016424500610018626400670024730000580031433600260037233700280039833800270042649000570045350400520051050509230056265000380148565000410152365000440156465100100160865300210161865500170163970000360165694200120169299900170170495201460172113755898EG-ScBUE20260125094229.0041019s2005 enka f b f001 0 eng d a0521821576 (hardcover) a9780521821575 aDNLM/DLCbengerdacDLCdDLCdEG-ScBUE04a572.8293222bDYN04aThe dynamic bacterial genome /cedited by Peter Mullany. 1aCambridge ; aNew York : bCambridge University Press, c2005. axi, 423 pages :billustrations (some color) ;c24 cm. 2rdacontentatextbtxt aunmediated2rdamediabn avolumebnc2rdacarrier0 aAdvances in molecular and cellular microbiology ;v8 aIncludes bibliographical references and index. 0 aMechanisms of homologous recombination in bacteria / Marie-Agnes Petit -- Introduction to site-specific recombination / Makkuni Jayaram and Ian Grainge -- Site-specific recombination by the serine recombinases / Sally J. Rowland and W. Marshall Stark -- Mobile introns and retroelements in bacteria / Steve Zimmerly -- The F-plasmid, a paradigm for bacterial conjugation / Michael J. Gubbins, William R. Will, and Laura S. Frost -- Molecular aspects of movement of conjugative transposons / Adam P. Roberts and Peter Mullany -- Competence for genetic transformation / Irena Draskovic and David Dubnau -- Phase variation and antigenic variation / Richard Villemur and Eric Deziel -- Pathogenicity island / Bianca Hochhut and Jorg Hacker -- Biological consequences for bacteria of homologous recombination / Diarmaid Hughes and Tobias Norstrom -- Horizontal gene transfer and bacterial genomic legacies / James R. Brown. 7aBacterial genetics.2BUEsh939606 7aGenetic recombination.2BUEsh939607 7aBacterial transformation.2BUEsh939608 2BUEsh bPPhrmcMarch2016 vReading book1 aMullany, Peter,d1959-eeditor. 2ddccBB c21456d21428 00102ddc40708Scien. H.aMAINbMAINc1STd2016-03-20ePurchaseg945.00h1l0o572.8293 DYNp000032110r2025-07-15 00:00:00w2016-03-20yBB